Szczegóły MARC21

Edukacja małych dzieci - standardy, bariery, szanse : raport /

003 -Nazwa inst., której nr kontr. jest w polu 001 [,]
    • @
    • Nazwa instytucji, której n kontrolny jest w polu 001
    • NUKAT
005 -DATA I CZAS OSTATNIEJ MODYFIKACJI [,]
    • @
    • pole kontrolne
    • 20241231102819.0
020 -Międzynarod. znormalizowany nr książki - ISBN [ , ]
    • a
    • Numer ISBN
    • 9788392442493 Find
040 -Instytucja sporządzająca opis [ , ]
    • a
    • Instytucja, która sporządziła opis (NP)
    • SZCZ M/HS
    • c
    • Instytucja, która sporządziła rekord (NP)
    • SZCZ M/HS
    • d
    • Instytucja, która zmodyfikowała rekord (P)
    • POZN U/KaKs
942 -Rodzaj dokumentu [ , ]
    • c
    • Rodzaj dokumentu
    • Książka
245 -Strefa tytułu i oznaczenia odpowiedzialności [0,0]
    • a
    • Tytuł
    • Edukacja małych dzieci - standardy, bariery, szanse : Find
    • b
    • Ciąg dalszy tytułu (NP)
    • raport / Find
    • c
    • Pozostałe elementy strefy tytułu i oznaczenia odpowiedzialności (NP)
    • pod red. Anny Gizy ; Fundacja Rozwoju Dzieci im. Jana Amosa Komeńskiego, Polsko-Amerykańska Fundacja Wolności.
260 -Strefa adresu wydawniczego [ , ]
    • a
    • Miejsce wydania (P)
    • Warszawa :
    • b
    • Nazwa wydawcy (P)
    • Rzecznik Praw Dziecka :
    • b
    • Nazwa wydawcy (P)
    • Fundacja Rozwoju Dzieci im. J. A. Komeńskiego,
    • c
    • Data wydania (P)
    • 2010.
300 -Strefa opisu fizycznego [ , ]
    • a
    • Określenie formy książki i/lub objętość (NP)
    • 144 s. :
    • b
    • Oznaczenie ilustracji (NP)
    • il. ;
    • c
    • Format (NP)
    • 26 cm.
336 -Typ zawartości [ , ]
    • a
    • Termin opisujący typ zawartości
    • Tekst
    • b
    • Kod określający zawartość
    • txt
    • 2
    • Źródło (terminu i kodu)
    • rdacontent
337 -Typ mediów [ , ]
    • a
    • Tryb odtwarzania
    • Bez urządzenia pośredniczącego
    • b
    • Kod typu mediów
    • n
    • 2
    • Źródło (terminu i kodu)
    • rdamedia
338 -Typ/rodzaj nośnika [ , ]
    • a
    • Hasło opisujące typ nośnika
    • Wolumin
    • b
    • Kod typu nośnika
    • nc
    • 2
    • Źródło (terminu i kodu)
    • rdacarrier
504 -Uwaga dot. bibliogr. załącznikowej [ , ]
    • a
    • Uwaga dot. bibliografii załącznikowej
    • Bibliogr. s. 131-136.
080 -Uniwersalna Klasyfikacja Dziesiętna [ , ]
    • 2
    • Identyfikator wydania tablic
    • UDC-P058
    • 9
    • UKD
    • 3882
    • a
    • Symbol klasyfikacji
    • 37.091.33-027.22
    • b
    • Dopowiedzenie
    • Wychowanie i nauczanie przez działania praktyczne. Prace techniczne. Roboty ręczne. Szkolne imprezy sportowe. Społeczna działalność uczniów. Szkolne kluby PCK. Zbiory (muzea, izby pamięci) szkolne. Współzawodnictwo międzyszkolne.
    • 4
    • UKD2
    • 18471
    • x
    • Poddział wspólny
    • -053.4
    • c
    • Dopowiedzenie poddz. wspólnego
    • -Dzieci w wieku przedszkolnym.
    • 4
    • UKD2
    • 8113
    • x
    • Poddział wspólny
    • (06)
    • c
    • Dopowiedzenie poddz. wspólnego
    • (Wydawnictwa stowarzyszeń, organizacji i instytucji. Sprawozdania).
080 -Uniwersalna Klasyfikacja Dziesiętna [ , ]
    • 2
    • Identyfikator wydania tablic
    • UDC-P058
    • 9
    • UKD
    • 3809
    • a
    • Symbol klasyfikacji
    • 37
    • b
    • Dopowiedzenie
    • Oświata. Pedagogika. Wychowanie. Szkolnictwo. Wykorzystanie wolnego czasu.
    • 4
    • UKD2
    • 18471
    • x
    • Poddział wspólny
    • -053.4
    • c
    • Dopowiedzenie poddz. wspólnego
    • -Dzieci w wieku przedszkolnym.
    • 4
    • UKD2
    • 8113
    • x
    • Poddział wspólny
    • (06)
    • c
    • Dopowiedzenie poddz. wspólnego
    • (Wydawnictwa stowarzyszeń, organizacji i instytucji. Sprawozdania).
080 -Uniwersalna Klasyfikacja Dziesiętna [ , ]
    • 2
    • Identyfikator wydania tablic
    • UDC-P058
    • 9
    • UKD
    • 3814
    • a
    • Symbol klasyfikacji
    • 37.013.42
    • b
    • Dopowiedzenie
    • Pedagogika społeczna.
    • 4
    • UKD2
    • 18471
    • x
    • Poddział wspólny
    • -053.4
    • c
    • Dopowiedzenie poddz. wspólnego
    • -Dzieci w wieku przedszkolnym.
    • 4
    • UKD2
    • 8113
    • x
    • Poddział wspólny
    • (06)
    • c
    • Dopowiedzenie poddz. wspólnego
    • (Wydawnictwa stowarzyszeń, organizacji i instytucji. Sprawozdania).
650 -Hasło przedmiotowe [ ,7]
    • a
    • Hasło przedmiotowe
    • Edukacja
    • z
    • Określnik geograficzny
    • Polska
    • y
    • Określnik chronologiczny
    • 1990-.
    • 2
    • Źródło terminu
    • kaba
    • 9
    • KHW
    • 358927
650 -Hasło przedmiotowe [ ,7]
    • a
    • Hasło przedmiotowe
    • Dzieci
    • x
    • Określnik rzeczowy
    • zdrowie i higiena
    • z
    • Określnik geograficzny
    • Polska
    • y
    • Określnik chronologiczny
    • 1990-.
    • 2
    • Źródło terminu
    • kaba
    • 9
    • KHW
    • 361667
650 -Hasło przedmiotowe [ ,7]
    • a
    • Hasło przedmiotowe
    • Rodzina
    • x
    • Określnik rzeczowy
    • socjologia
    • z
    • Określnik geograficzny
    • Polska
    • y
    • Określnik chronologiczny
    • 1990-.
    • 2
    • Źródło terminu
    • kaba
    • 9
    • KHW
    • 350874
650 -Hasło przedmiotowe [ ,7]
    • a
    • Hasło przedmiotowe
    • Wychowanie dzieci
    • z
    • Określnik geograficzny
    • Polska
    • y
    • Określnik chronologiczny
    • 1990-.
    • 2
    • Źródło terminu
    • kaba
    • 9
    • KHW
    • 361668
980 -Symbol UKD [ , ]
    • a
    • UKD
    • 37:37.013.42:37.091.33-027.22]-053.4(06)
700 -Hasło dodatkowe - nazwa osobowa [1, ]
    • a
    • Nazwa osobowa (NP)
    • Giza-Poleszczuk, Anna Find
    • d
    • Daty biograficzne (NP)
    • (1955- ).
    • e
    • Określenie rodzaju współpracy
    • Red.
    • 9
    • KHW
    • 44550
920 -ISBN [ , ]
    • a
    • ISBN
    • 978-83-924424-9-3 Find
Numer inwentarzowy Status udost. Data inwentaryzacji Lokalizacja
Z.11484112010-12-13BG